Normal view
MARC view
- Kamrani , Ali K
Entry Personal Name
001 - CONTROL NUMBER
- control field: 86145
003 - CONTROL NUMBER IDENTIFIER
- control field: NUST
005 - DATE AND TIME OF LATEST TRANSACTION
- control field: 20211209102931.0
008 - FIXED-LENGTH DATA ELEMENTS
- fixed length control field: 211209|| aca||aabn | a|a d
040 ## - CATALOGING SOURCE
- Original cataloging agency: NUST
- Transcribing agency: NUST
100 ## - HEADING--PERSONAL NAME
- Personal name: Kamrani , Ali K
670 ## - SOURCE DATA FOUND
- Source citation: Work cat.: (NUST)33559: Kamrani , Ali K ., Methods in product design :, c2013
